US or UK? Quiz Stats

 Plays Quiz Updated Jan 2, 2020

Support Sporcle.
Go Orange.
Score 0/20 Timer 05:00
0 Plays Today
% Correct
U.S. - Statue of Liberty (New York)
96.4%
U.S. - Grand Canyon (Grand Canyon Natl. Park)
94.9%
U.K. - Edinburgh Castle (Edinburgh)
94.3%
U.S. - Golden Gate Bridge (San Francisco)
93.2%
U.K. - Stonehenge (Wiltshire)
90%
U.K. - Roman Baths (Bath)
89.7%
U.S. - Jefferson Memorial (Washington)
86.4%
U.K. - Westminster Abbey (London)
85.8%
U.K. - Big Ben (London)
85.7%
U.S. - Mt. St. Helens (Skamania County)
85.5%
% Correct
U.K. - White Cliffs of Dover (Dover)
82.3%
U.S. - Gateway Arch (St. Louis)
80%
U.S. - Navy Pier (Chicago)
76.5%
U.K. - Brighton Pier (Brighton)
67.1%
U.K. - Blackpool Tower (Lancashire)
67%
U.K. - Snowdon (Gwynedd)
64.7%
U.S. - Capital Dome (Washington)
62.7%
U.S. - National Cathedral (Washington)
52%
U.K. - Forth Bridge (Edinburgh/Fife)
36.2%
U.S. - Biltmore Estate (Asheville)
35.1%

From the Vault

1910s Slang

by Hejman

Get in, loser, we're going ballroom dancing.
Remove Ads.
Support Sporcle.
Get the best of Sporcle when you Go Orange. This ad-free experience offers more features, more stats, and more fun while also helping to support Sporcle. Thank you for becoming a member.

Show Comments

Extras

Top Quizzes Today


Score Distribution

Your Account Isn't Verified!

In order to create a playlist on Sporcle, you need to verify the email address you used during registration. Go to your Sporcle Settings to finish the process.

Report this User

Report this user for behavior that violates our Community Guidelines.

Details: